Power electronics (Record no. 1404)

000 -LEADER
fixed length control field 00542nam a2200205 4500
001 - CONTROL NUMBER
control field 1404
003 - CONTROL NUMBER IDENTIFIER
control field BD-DhUET
008 - FIXED-LENGTH DATA ELEMENTS--GENERAL INFORMATION
fixed length control field 140906b xxu||||| |||| 00| 0 eng d
020 ## - INTERNATIONAL STANDARD BOOK NUMBER
International Standard Book Number 8120325036
040 ## - CATALOGING SOURCE
Transcribing agency 0
Modifying agency BD-DhUET
082 ## - DEWEY DECIMAL CLASSIFICATION NUMBER
Classification number 623.17
Item number RAS/2004
100 ## - MAIN ENTRY--PERSONAL NAME
Personal name Rashid, Muhammad H.
245 ## - TITLE STATEMENT
Title Power electronics
Remainder of title circuits, devices, and applications
250 ## - EDITION STATEMENT
Edition statement 3rd ed.
260 ## - PUBLICATION, DISTRIBUTION, ETC. (IMPRINT)
Place of publication, distribution, etc. New Delhi
Name of publisher, distributor, etc. Prentice-Hall of India
Date of publication, distribution, etc. 2004
300 ## - PHYSICAL DESCRIPTION
Extent xxiv,880p.
504 ## - BIBLIOGRAPHY, ETC. NOTE
Bibliography, etc Includes bibliographies
650 #0 - SUBJECT ADDED ENTRY--TOPICAL TERM
Topical term or geographic name as entry element Power electronics
942 ## - ADDED ENTRY ELEMENTS (KOHA)
Koha item type General Book
Holdings
Sublocation or collection (holding branch) Location (home branch) Withdrawn status Not for loan Source of classification or shelving scheme Koha issues (times borrowed) Koha date last seen Date acquired Shelving location Koha date last borrowed Koha item type Piece designation (barcode) Damaged status Koha full call number Koha normalized classification for sorting Copy number Lost status Price effective from
Central Library, BUETCentral Library, BUET   42022-04-122014-09-06Circulation section2021-12-19General Book103652 623.17/RAS/2004623_000000000000000_17RAS20041 2014-09-06
Central Library, BUETCentral Library, BUET   12022-11-292014-09-06Circulation section2022-11-29General Book103653 623.17/RAS/2004623_000000000000000_17RAS20042 2014-09-06
Central Library, BUETCentral Library, BUET   22018-11-272014-09-06Circulation section2018-10-28General Book103654 623.17/RAS/2004623_000000000000000_17RAS20043 2014-09-06
Central Library, BUETCentral Library, BUET    2014-09-062014-09-06Circulation section General Book103655 623.17/RAS/2004623_000000000000000_17RAS20044 2014-09-06
Central Library, BUETCentral Library, BUET   12016-03-072014-09-06Circulation section2014-12-07General Book103656 623.17/RAS/2004623_000000000000000_17RAS20045 2014-09-06
Central Library, BUETCentral Library, BUET   42025-01-262014-09-06Circulation section2023-09-23General Book103657 623.17/RAS/2004623_000000000000000_17RAS20046 2014-09-06
Central Library, BUETCentral Library, BUET   32025-02-092014-09-06Circulation section2024-12-08General Book103658 623.17/RAS/2004623_000000000000000_17RAS20047 2014-09-06
Central Library, BUETCentral Library, BUET   32023-10-042014-09-06Circulation section2023-09-24General Book103659 623.17/RAS/2004623_000000000000000_17RAS20048 2014-09-06
Central Library, BUETCentral Library, BUET    2014-09-062014-09-06Circulation section General Book103660 623.17/RAS/2004623_170000000000000_RAS_20049 2014-09-06
Central Library, BUETCentral Library, BUET    2014-09-062014-09-06Circulation section General Book103661 623.17/RAS/2004623_000000000000000_17RAS200410 2014-09-06